MDQL
is popping MORE tags! Check the
thread
!
Quizzes
Events
Quiz Creation
Community
Videos
Private Events
Remove Ads
Sign In
Join for FREE
Feedback
Dark Mode
Quiz Categories
Sports
Geography
Music
Movies
Television
Just For Fun
Miscellaneous
History
Literature
Language
Science
Gaming
Entertainment
Religion
Holiday
For Kids
Quiz Lab
Recent
Popular Today
Quiz Kudos Today
Editor Picks
Curator Picks
Quizzes by...
Day
Popularity
Type
Ratings
Length
Year
Community
Subscriptions
Recent Discussions
Orange Saloon
Badges
Playlists
Quests
Create
Leaderboards
Showdown
Live 5
Trivia Bingo
Activity
Puzzle Library
Sporcle Events
Private Events
Virtual Trivia
Globe League
Become a Host
Pub Owners
SporcleCon
Opinionation
Our Games
Videos
Blog
Mobile Apps
Partnerships
Remove Ads and Go Orange
Feedback
History
US Presidents
World Leaders
Politics
Nation
Discovery
War
Decade
Year
Century
Biography
Art
History
US Presidents
World Leaders
Politics
Nation
Discovery
War
Decade
Year
Century
Biography
Art
Random Quiz
Search Sporcle
×
Quiz Lab
Quiz Lab
History
Type in answers that appear in a list
Type in answers that appear in a list
Classic
Best Score? Go Orange.
US Presidents and their parties in order Stats
Can you name the US Presidents and their parties in order?
By
GhostRecon16
10m
44 Questions
237 Plays
237 Plays
237 Plays
Comments
Comments
Give Quiz Kudos
Give Quiz Kudos
-
- Ratings
hide this ad
Replay
Link that replays current quiz
Next Quiz
Link to next quiz in quiz playlist
You Got
0%
They Got
Avg Score
34%
Avg Friend Score
Upgrade to see
Score Distribution
Jump to the score distribution portion of the page
Score
0/44
Timer
10:00
0
Plays Today
% Correct
George Washington
94.9%
John Adams
87.3%
Thomas Jefferson
76.4%
James Madison
71.7%
James Monroe
70%
Andrew Jackson
57.8%
John Q. Adams
51.9%
Martin Van Buren
50.6%
John Tyler
43.9%
Abraham Lincoln
43%
William H. Harrison
40.9%
James K. Polk
40.9%
Zachary Taylor
40.1%
Millard Fillmore
39.2%
Franklin Pierce
38.4%
Andrew Johnson
38%
James Buchanan
37.6%
Ulysses S. Grant
35.4%
Rutherford B. Hayes
33.3%
James Garfield
30.8%
Grover Cleveland
30.8%
Grover Cleveland
30.8%
% Correct
Theodore Roosevelt
30.4%
Chester A. Arthur
28.3%
Benjamin Harrison
28.3%
William McKinley
27.4%
Calvin Coolidge
27.4%
Woodrow Wilson
27%
Barack Obama
24.9%
George W. Bush
24.1%
Warren G. Harding
23.6%
William H. Taft
23.2%
George H. W. Bush
22.4%
Richard Nixon
19.4%
John F. Kennedy
18.6%
Gerald Ford
17.7%
Franklin Roosevelt
17.3%
Dwight D. Eisenhower
17.3%
Lyndon B. Johnson
17.3%
Harry S. Truman
16.9%
James Carter
16%
Ronald Regan
6.3%
Hervert Hoover
3%
Willam J. Clinton
0%
Quiz Playlist
Details
Report
Send in Message
Add To Playlist
Classic:
Type in answers that appear in a list
Last Updated: Feb 16, 2017
Quiz Scoreboard
CHALLENGE
Sign Up to Join the Scoreboard
Show All
Scores
Hide
Comments
May contain spoilers
Recently Published
1-10 Letter E Words III
by El_Dandy
Language
2m
Street Fighter Characters
by Artimus82
Gaming
60s
College Basketball Coaching Resumes
by pancakes188
Sports
9m
More to Explore
Quiz From the Vault
Featured Blog Post
Where Did the Easter Bunny Come From?
hide this ad
You Might Also Like...
Tags
This quiz does not have any tags.
Today's Top Quizzes in History
Browse History
hide this ad
Top Contributed Quizzes in History
1
Popular People in 1991
2
Popular People in 1981
3
Popular People in 1951
4
Popular People in 1941
5
Popular People in 1986
6
Popular People in 1976
7
Popular People in 1921
8
5-to-1: 20th Century Images of War
9
I Am Born On March 28th
10
Popular People in 1946
Explore More
Trending Topics
NBA
Marvel
Crossword
Kpop
Disney
Anime
Harry Potter
Puzzle
WWE
NFL
Pokémon
Soccer
Country
Song
The Office
hide this ad
More By:
GhostRecon16
Quiz
Plays
Rating
Category
Featured
Created
US Presidents and their parties in order
237
1.40
History
Aug 18, 2010
Go to Creator's Profile
Score Distribution
Quiz Creator Spotlight
GhostRecon16
Follow
Send a Message
Quizzes Created
-
Created Quiz Play Count
-
More By This Creator
Popular Quizzes Today
1
Find the US States - No Outlines Minefield
2
Find the Countries of Europe - No Outlines Minefield
3
The Countries of the World
4
Find the US States
5
Risky Map Clicking: Biggest States A-Z
6
US States
7
Popular People in 1961
8
Movies - When Are They Set?
More History Quizzes
Countries With over 1,000 Tanks
Editor's Pick
Trending Quizzes
Risky Map Clicking: Least Populous States A-Z
1-10 Letter G Words
1-10 Letter F Words
Countries of the World: 200 Million BC
Risky Map Clicking: Next State Alphabetically
Recently Updated
Beyoncé Albums
pecheneg
Leaping Animals
pecheneg
Reality TV Shows (A-Z)
bhenderson79
Rickey Henderson's Hall of Fame Teammates
pecheneg
Champions League XIs: Arsenal
pecheneg
Quick Pick: Celebrities in WWE's Hall of Fame
aduchscher
A-Z Keypad Blitz II
pecheneg
Multiple Oscar Actors
pecheneg
Mystery Phrase Blitz: Oscar 'Best Actors'
pecheneg
F. Scott Fitzgerald Novels
LTH
Trending Topics
Anime
NBA
Marvel
Harry Potter
Kpop
Disney
Crossword
Country
Puzzle
NFL
Soccer
Pokémon
WWE
Song
The Office
Your Account Isn't Verified!
In order to create a playlist on Sporcle, you need to verify the email address you used during registration. Go to your
Sporcle Settings
to finish the process.
Report this User
Report this user for behavior that violates our
Community Guidelines
.
Details:
Send Report
Go to the Sporcle.com Mobile Site →
Comments